[Event "Munich OIS op"]
[Site "Munich"]
[Date "2007.10.03"]
[Round "5"]
[White "Lammers, Markus"]
[Black "Cabrera, Elmo"]
[Result "1-0"]
[WhiteElo "2335"]
[BlackElo "2094"]
[PlyCount "59"]
[EventDate "2007.09.29"]
[EventType "swiss"]
[EventRounds "9"]
[EventCountry "GER"]
[SourceTitle "CBM 120 Extra"]
[Source "ChessBase"]
[SourceDate "2007.11.01"]
[SourceVersion "1"]
[SourceVersionDate "2007.11.01"]
[SourceQuality "1"]

1. e4 e6 2. d4 c5 3. Nf3 cxd4 4. Nxd4 Nc6 5. Nc3 a6 6. Be3 Qc7 7. Bd3 Nf6 8. 0-0 b5 9. Nxc6 dxc6 10. f4 Bb7 11. e5 Nd5 12. Nxd5 exd5 13. Qg4 h5 14. Qh3 Bc8 15. f5 c5 16. c4 bxc4 17. Bc2 d4 18. Bf4 Ra7 19. Rae1 Qa5 20. e6 d3 21. Bd1 h4 22. exf7+ Kxf7 23. Bf3 Qd8 24. Qg4 Qd4+ 25. Kh1 Re7 26. Qg6+ Kg8 27. f6 Rf7 28. Be5 Qd7 29. fxg7 Bxg7 30. Bxg7 1-0

[Event "Munich op 23rd"]
[Site "Munich"]
[Date "2003.09.30"]
[Round "4"]
[White "Zenker, Ulrich"]
[Black "Cabrera, Elmo"]
[Result "1-0"]
[WhiteElo "2282"]
[BlackElo "2188"]
[PlyCount "47"]
[EventDate "2003.09.27"]
[EventType "swiss"]
[EventRounds "9"]
[EventCountry "GER"]
[SourceTitle "EXT 2004"]
[Source "ChessBase"]
[SourceDate "2003.11.25"]
[SourceVersion "1"]
[SourceVersionDate "2003.11.25"]
[SourceQuality "1"]

1. d4 Nf6 2. c4 c6 3. Nc3 g6 4. e4 Bg7 5. e5 Ng8 6. Bf4 e6 7. Ne4 Bf8 8. Nf3 h6 9. Bd3 d5 10. exd6 f5 11. c5 Rh7 12. Nc3 g5 13. Ne5 Nf6 14. Bd2 b6 15. Qe2 Rg7 16. Bxf5 bxc5 17. dxc5 Bxd6 18. cxd6 Qxd6 19. Nc4 Qc5 20. Be3 Qb4 21. a3 Qe7 22. Bd3 Bb7 23. 0-0-0 Nbd7 24. Nd6+ 1-0

[Event "Munich op 23rd"]
[Site "Munich"]
[Date "2003.09.29"]
[Round "3"]
[White "Cabrera, Elmo"]
[Black "Buchner, Rudolf"]
[Result "1/2-1/2"]
[WhiteElo "2188"]
[BlackElo "2267"]
[PlyCount "105"]
[EventDate "2003.09.27"]
[EventType "swiss"]
[EventRounds "9"]
[EventCountry "GER"]
[SourceTitle "EXT 2004"]
[Source "ChessBase"]
[SourceDate "2003.11.25"]
[SourceVersion "1"]
[SourceVersionDate "2003.11.25"]
[SourceQuality "1"]

1. Nf3 Nf6 2. g3 g6 3. c4 Bg7 4. Nc3 d5 5. cxd5 Nxd5 6. Bg2 0-0 7. 0-0 c5 8. d4 Nc6 9. Nxd5 Qxd5 10. Ne5 Qxd4 11. Nxc6 bxc6 12. Bxc6 Rb8 13. Qc2 Bf5 14. e4 Bh3 15. Rd1 Qf6 16. Bd7 e6 17. f4 Rfd8 18. e5 Qe7 19. Bc6 Rxd1+ 20. Qxd1 f6 21. Qd6 Qd8 22. Be3 fxe5 23. fxe5 Qb6 24. Bxc5 Qxb2 25. Bd4 Bf8 26. Bxb2 Bxd6 27. exd6 Rxb2 28. Rd1 Rb8 29. d7 Rd8 30. Rb1 Kf8 31. Rb7 a5 32. Ra7 Ke7 33. Rxa5 Rf8 34. Bg2 Bxg2 35. Kxg2 Kxd7 36. Ra7+ Kd6 37. Rxh7 Ra8 38. Rg7 Rxa2+ 39. Kh3 e5 40. Rxg6+ Kd5 41. g4 e4 42. Rf6 e3 43. Rf1 Ke4 44. Kg3 e2 45. Re1 Kd3 46. g5 Kd2 47. Kf2 Kd3 48. h3 Ra5 49. Rxe2 Rf5+ 50. Ke1 Rxg5 51. Ra2 Ke3 52. Ra3+ Kf4 53. Kf2 1/2-1/2